<?xml version="1.0" encoding="UTF-8"?>
<collection xmlns="http://www.loc.gov/MARC21/slim">
 <record>
  <leader>00442pamaa2200145   4500</leader>
  <controlfield tag="001">0000051051</controlfield>
  <controlfield tag="005">20130305090000.0</controlfield>
  <controlfield tag="008">130306s2010                             eng  </controlfield>
  <datafield tag="022" ind1="0" ind2="0">
   <subfield code="a">10192239</subfield>
  </datafield>
  <datafield tag="245" ind1="0" ind2="0">
   <subfield code="a">Asia Inc : </subfield>
   <subfield code="b">2007 - 2008.</subfield>
  </datafield>
  <datafield tag="260" ind1="0" ind2="0">
   <subfield code="a">Petaling Jaya: </subfield>
   <subfield code="b">Asia Inc], </subfield>
   <subfield code="c">1938-.</subfield>
  </datafield>
  <datafield tag="300" ind1=" " ind2=" ">
   <subfield code="a">v.: </subfield>
   <subfield code="b">ill.; </subfield>
   <subfield code="c">30 cm.</subfield>
  </datafield>
  <datafield tag="650" ind1="0" ind2="0">
   <subfield code="a">Business -- </subfield>
   <subfield code="x">Periodicals </subfield>
  </datafield>
  <datafield tag="710" ind1="1" ind2="1">
   <subfield code="a">Institute of Chartered Accountants in England and Wales </subfield>
  </datafield>
  <datafield tag="901" ind1=" " ind2=" ">
   <subfield code="u">www.asia-inc.com</subfield>
  </datafield>
 </record>
</collection>
